00334nam a2200109Ia 4500008004100000082001000041100003900051245003800090260002000128630003800148730003800186100328s9999 xx 000 0 und d b17810 aप्रीतम अमृता aएक शहर की मौत bचौारी aएक शहर की मौत aएक शहर की मौत